[Event "West Wales Congress Major"]
[Site "Swansea"]
[Date "2019.10.13"]
[Round "5.2"]
[White "Williams, Stephen"]
[Black "Pe, Philip"]
[Result "0-1"]
[WhiteElo "1675"]
[BlackElo "1789"]
[Annotator "kemen"]
[PlyCount "94"]
[EventDate "2019.10.11"]
[EventType "swiss"]
[EventRounds "5"]
[EventCountry "WLS"]

{[%evp 0,94,28,19,17,-4,-4,-11,-4,-5,15,-62,-38,-47,-21,4,14,14,22,7,-3,4,27,
22,35,20,27,21,38,36,74,70,85,83,93,70,101,91,98,98,360,361,391,389,454,462,
464,463,422,456,461,501,531,545,560,522,873,512,604,604,940,637,963,647,770,
689,895,657,726,553,558,536,1312,426,489,500,519,514,637,519,590,534,750,608,
698,361,731,463,463,-1042,-1509,-29983,-29984,-29985,-29986,-29997,-29998]} 1.
d4 Nf6 2. c4 e6 3. Nc3 Bb4 4. Bg5 h6 5. Bh4 d5 (5... c5 6. d5 b5 {is an
intersting variation that predates the Benko Gambit}) 6. e3 O-O (6... g5 7. Bg3
Ne4 8. Qc2 h5 9. f3 Nxg3 10. hxg3) 7. Nf3 a6 (7... Nbd7) (7... c5 {main lines})
8. cxd5 (8. Rc1 dxc4 9. Bxc4 b5 10. Be2 c5 11. O-O cxd4 12. Nxd4 Bb7 13. Bf3
Ra7 14. Bxb7 Rxb7 15. Qf3 Rd7 16. Ne4 Be7 {Umpfenbach-Matnadze, EU ch Girls
U16, Mureck 1998,1/2-1/2}) (8. Bd3 dxc4 9. Bxc4 b5 10. Bd3 Bb7 11. O-O c5 12.
Be4 Bxe4 13. Nxe4 Nbd7 14. a3 Ba5 15. dxc5 g5 16. Nxf6+ Nxf6 17. Bg3 Ne4 18. b4
{Amarante-Leite, BRA ch Seletivo; Sao Paulo 2003,1-0}) 8... exd5 9. Qc2 Nc6 (
9... Be6 10. Bd3 {3 draws}) 10. Bd3 Be7 (10... Be6 {1 game each}) (10... Re8 {
Sands-MacKenzie, 4NCL 1998,1/2-1/2}) (10... Qd6 11. O-O-O b5 12. Bxf6 Qxf6 13.
Nxd5 {Schnider-Do Quoc, Styrian Ch U12, Mureck 2010,1-0}) 11. a3 Bg4 {
Stockfish10} (11... Be6 12. O-O $16 {8 Wh wins,1 draw}) 12. Nd2 (12. O-O Bxf3
13. gxf3 {2-0} Re8 14. Qb3 g5 15. Bg3 b5 16. Rac1 Na5 17. Qa2 c6 18. Rfe1 $16 {
Mikolas-Vermehren, EU ch U12, Bratislava 2019,1-0}) 12... Re8 13. O-O Qd7 14.
b4 Na7 15. Rfc1 Rad8 16. Nb3 $16 (16. Na4 $16) 16... Ne4 17. Bxe7 Qxe7 18. Bxe4
dxe4 19. Nc5 Bf3 $5 {feeling ground down, Bl creates confusion} (19... Bc8 20.
Qxe4 $16 {Komodo13}) 20. gxf3 $18 Qg5+ 21. Kh1 exf3 (21... Qh5 22. Qd1 exf3 23.
Nxb7 $18 {Komodo13}) 22. Rg1 Qh5 23. Nxb7 Rb8 24. Nc5 Rb6 25. Rg3 Rf6 26. Rag1
g6 27. Nd7 {Wh is following all the Engine recommendations so far} Rf5 28. Ne5
(28. e4 $1 Rf4 29. Nd5 {wins the Q-Komodo13}) (28. Ne4) (28. Nd5) (28. Rg4 {
all win}) 28... Kh7 29. Nd5 Kg7 30. Nf4 (30. Rxg6+ fxg6 31. Qxc7+ Kg8 32. Nxg6
{mating=Komodo13}) (30. Nxf7 Re6 31. Ne5 Nb5 32. Nxg6 $18 Rg5 33. Ngf4 {
mating-Komodo13}) 30... Rxf4 31. exf4 (31. Nxg6 $1 {first Komodo13- even
stronger}) 31... Nb5 32. Nxf3 (32. Nxg6 $18) (32. Rxg6+ $18 {both Komodo13})
32... Nd6 33. Ne5 (33. Qxc7) 33... Nf5 34. Qd3 (34. Rc3) (34. Qxc7) (34. Rd3)
34... Nxg3+ 35. fxg3 $18 (35. Rxg3 $18) 35... f6 36. Nf3 (36. g4 $1 {wins the
Q (or the K)}) (36. Rc1 fxe5 37. Rxc7+ Kg8 38. dxe5 $18) 36... Qd5 37. Rc1 c6
38. Rc5 Qa2 39. Rc2 (39. Rxc6 $18) (39. d5 $18) 39... Qb1+ 40. Kg2 h5 41. Kh3 (
41. Nh4 f5 42. d5 $18 {Komodo13}) 41... Kh6 42. Nd2 (42. Nh4 Rg8 43. Qc4 Rg7
44. Qe2 $18) (42. f5 g5 43. Nxg5 $18 {both Komodo13}) 42... Qh1 43. Qf3 (43.
Nf3) 43... Qg1 44. Qxc6 $2 (44. Rxc6 $18) (44. Nf1 $18) (44. Rc4 $18) (44. Ne4
$18) 44... Re2 $19 45. Nf3 Qg2+ 46. Kh4 Rxc2 47. Qxf6 Qxh2+ {a game that
affected joint first place.} 0-1

[Event "West Wales Congress Major"]
[Site "Swansea"]
[Date "2019.10.13"]
[Round "5.3"]
[White "Jones, Martin C"]
[Black "Parsons, David"]
[Result "1/2-1/2"]
[WhiteElo "1746"]
[BlackElo "1691"]
[Annotator "kemen"]
[PlyCount "60"]
[EventDate "2019.10.11"]
[EventType "swiss"]
[EventRounds "5"]
[EventCountry "WLS"]

{[%evp 0,60,19,31,14,-14,43,38,37,37,33,18,25,12,54,28,37,2,32,34,50,45,38,13,
77,65,65,54,13,19,19,-2,27,8,3,-19,19,10,14,11,55,11,2,10,85,100,112,122,92,74,
62,84,117,123,123,42,42,0,0,0,0,0,0]} 1. d4 Nf6 2. c4 g6 3. Nc3 Bg7 4. Nf3 d6
5. Bg5 Nbd7 (5... O-O) 6. e3 c6 7. Be2 O-O 8. Qc2 Qc7 9. O-O e5 10. Rad1 (10.
Rfd1 {main, in this Smyslov System}) 10... Re8 11. b4 (11. dxe5 dxe5 12. Nd2
Nf8 13. b4 {main}) 11... Nf8 12. dxe5 {played for the slight edge
characteristic of this opening, but the balanced pawn structure can lead to
many draws, as the heavy pieces swap off in the d file} dxe5 13. c5 Bf5 14. e4
(14. Qb3 {2 Wh wins, 1 draw}) (14. Qc1 {1 Bl win, 1 draw}) 14... Bg4 15. Nd2 (
15. Rd3 Ne6 16. Be3 Bxf3 17. Bxf3 Rad8 18. Rfd1 Rxd3 19. Rxd3 Rd8 $11 20. g4 $2
Nd4 $19 {Bernardez Rodriguez-Calpe Melendres, Sant Boi op 2000,0-1}) 15... Bxe2
16. Nxe2 Ne6 (16... b5 17. Nb3 Ne6 18. Bc1 Rad8 19. Bb2 Nh5 20. g3 Ng5 21. h4
Ne6 22. Rxd8 Rxd8 23. Rd1 $11 {Gagarin-Velikhanli, Moscow op 2007,1/2-1/2}) 17.
Bh4 (17. Be3 $11 {better control over battlegrounds d4 & c5}) 17... Red8 (17...
a5 18. a3 axb4 19. axb4 b6 20. cxb6 Qxb6 21. Rb1 Nh5 22. Nc4 Qa6 23. Rfc1 $11 {
Komodo13}) 18. Nc4 Rxd1 19. Rxd1 Ne8 (19... b6 $5) 20. Qd3 (20. f3 b6 21. Bg3
bxc5 22. bxc5 Rd8 $11 {Komodo13}) 20... g5 (20... b6 $15 21. Qc3 (21. cxb6 axb6
22. Nc3 h5 23. h3 Nd4 24. Bg3 Rd8 $15 {Komodo13}) 21... bxc5 22. bxc5 Nxc5 23.
f3 Rb8 $15 {Komodo13}) 21. Bg3 Nf4 (21... Rd8 $11) 22. Bxf4 gxf4 (22... exf4
23. h4 $16) 23. Qd7 $14 (23. g3 $16) 23... Bf6 24. Qxc7 Nxc7 25. Rd6 (25. Rd7
$16 {Komodo13} Ne6 (25... Rd8 26. Rxd8+ Bxd8 27. Nxe5 $16) (25... Rc8 $2 26.
Nd6 $18) 26. Rxb7 $16) 25... Ne8 26. Rd7 b6 27. cxb6 (27. f3 $16) 27... axb6
$11 28. Nc3 b5 29. Nd6 Nxd6 30. Rxd6 Be7 $11 1/2-1/2

[Event "West Wales Congress Major"]
[Site "Swansea"]
[Date "2019.10.13"]
[Round "5.4"]
[White "Horrell, Stephen"]
[Black "Penny, Liam"]
[Result "1-0"]
[WhiteElo "1696"]
[BlackElo "1674"]
[Annotator "kemen"]
[PlyCount "97"]
[EventDate "2019.10.11"]
[EventType "swiss"]
[EventRounds "5"]
[EventCountry "WLS"]

{[%evp 0,97,36,36,41,44,70,68,67,68,68,30,63,53,75,59,44,25,76,53,82,48,37,37,
36,39,36,22,34,30,45,40,35,29,43,35,50,55,55,51,46,44,40,47,98,88,131,101,104,
94,191,136,127,125,122,128,117,116,110,100,101,91,95,87,112,103,117,105,116,
103,115,136,144,146,148,127,168,170,171,164,141,158,204,142,167,122,120,99,167,
177,157,258,435,437,628,650,777,844,917,648]} 1. e4 d5 2. exd5 Qxd5 3. Nc3 Qa5
4. d4 Nf6 5. Bc4 Bf5 6. Nf3 c6 (6... e6) 7. Bd2 e6 8. Qe2 Bb4 9. O-O (9. O-O-O
{main}) 9... O-O (9... Bxc2 10. a3 $18 (10. d5 $1 $18 {Cloud Engines}) 10...
Bxc3 11. Bxc3 Qf5 12. d5 Qe4 13. dxe6 fxe6 14. Rfe1 Qxe2 15. Rxe2 Ba4 16. Rxe6+
{Rasch-Sunder, Hessenliga 1996,1-0}) 10. a3 Bxc3 11. Bxc3 Qc7 12. Rfe1 (12. Ne5
{main}) (12. Nh4 {Cloud Engines}) 12... Nbd7 13. h3 (13. Rad1) (13. Ne5 {
main lines}) 13... Nb6 $146 (13... b5 14. Bb3 a5 15. Ne5 a4 16. Ba2 Rfe8 17.
Rac1 {Mamedov-Nakamura, Wld ch blitz , Moscow 2010,1/2-1/2}) 14. Bb3 Nbd5 15.
Bd2 Ne4 16. Nh4 (16. Bc1 Nf4 17. Bxf4 Qxf4 18. Ne5 $11 {Komodo13}) 16... Nf4 (
16... Nxd2 17. Qxd2 Bg6 $11 {Komodo13}) 17. Bxf4 Qxf4 18. Nxf5 (18. g4 $1 {
The Engine sees an overload} Ng5 (18... Qh6 19. gxf5 Ng5 20. Qg4 Qxh4 21. Qxh4
Nf3+ 22. Kf1 Nxh4 23. fxe6 fxe6 24. Rxe6 Kh8 25. Rae1 $16) 19. Qe3 Bxg4 (19...
Bg6 20. Kg2 Qxe3 21. Rxe3 $18 {the 2 K side pieces are in trouble} c5 (21... e5
22. Rxe5 Ne6 23. Nxg6 hxg6 24. c3 $18 (24. Bxe6 fxe6 25. Rxe6 $18)) 22. f4 cxd4
23. Ree1 Nxh3 24. Kxh3 $18 {Komodo13})) 18... exf5 19. Qe3 $14 Qd6 20. f3 (20.
Rad1) 20... Nf6 $11 21. Qe5 Rad8 (21... Qd7) 22. c3 (22. Qxd6 Rxd6 23. Re7 Nd7
24. Rd1 $14 {Komodo13}) 22... g6 (22... Qxe5 23. Rxe5 Rfe8 24. Rxf5 Re2 25. Rb1
Rde8 $11 {Komodo13}) 23. Qxd6 Rxd6 24. Re7 Rd7 (24... Nd7) 25. Rae1 (25. Rxd7
Nxd7 26. Re1 $18 {Komodo13}) 25... Rfd8 26. Bxf7+ Kf8 27. Rxd7 Rxd7 28. Bb3 $16
Nd5 29. Bxd5 (29. g3 $18) (29. h4 $18) 29... Rxd5 30. f4 (30. Re5 $18) 30...
Kf7 31. Re5 Rd7 32. Kf2 Rd6 33. Ke3 $18 Rd7 34. a4 b6 35. b4 a6 36. c4 Rc7 37.
a5 {making holes in the Bl pawn structure} b5 38. cxb5 (38. c5 h6 39. d5 $18 {
Komodo13}) 38... cxb5 39. Rc5 Re7+ 40. Kd3 Re6 41. d5 Re4 42. Rc6 Rxb4 43. Rxa6
Ra4 44. Ra7+ (44. Ra8 Rxf4 45. a6 Ra4 46. a7 Kg7 47. d6 $18 {Komodo13}) 44...
Kf6 45. a6 h5 46. Ra8 Ke7 (46... Kg7 47. d6) 47. a7 Kd7 48. Rg8 Ra3+ 49. Kc2 (
49. Kd4) 1-0

[Event "West Wales Congress Major"]
[Site "Swansea"]
[Date "2019.10.13"]
[Round "5.5"]
[White "Philpin, Les"]
[Black "Probert, Malcolm"]
[Result "0-1"]
[WhiteElo "1675"]
[BlackElo "1541"]
[Annotator "kemen"]
[PlyCount "96"]
[EventDate "2019.10.11"]
[EventType "swiss"]
[EventRounds "5"]
[EventCountry "WLS"]

{[%evp 0,96,19,31,43,27,36,31,43,32,20,11,20,12,43,23,48,28,14,-26,33,2,5,9,-3,
-52,-57,-64,-50,-82,-82,-94,-94,-94,-35,-89,-51,-49,-56,-61,-60,-65,-62,-58,
-45,-72,-74,-92,-72,-92,-110,-113,-32,-28,-24,-54,-74,-106,-43,-23,-100,-91,
-91,-106,-106,-111,-81,-150,-153,-160,-160,-699,-892,-889,-109,-81,-36,-20,-2,
-65,-53,-54,-50,-69,-61,-83,-84,-117,-41,-50,-100,-107,-141,-141,-199,-240,
-299,-1131,-418]} 1. d4 d5 2. Nf3 Nf6 3. Bf4 g6 4. Nbd2 Bg7 5. e3 O-O 6. Be2 b6
7. Ne5 c5 8. c3 Bb7 9. Ndf3 $146 (9. O-O {main}) (9. h4) (9. h3) 9... Nfd7 (
9... Ne4 $17 {Komodo13}) 10. h4 Nxe5 11. Nxe5 Nd7 (11... f6 {by transposition}
12. Nf3 h5 13. Qc2 Kf7 (13... Qe8 14. Bd3 f5 $16) 14. Bd3 $18 (14. g4 $1 hxg4
15. h5 $18 {Komodo13}) 14... f5 15. Ng5+ (15. g4 $1) 15... Kg8 16. Ne6 Qd7 17.
Nxf8 Kxf8 18. O-O-O $18 {Garrison-Arganian, Lansing ch MI op, 1988 0-1}) 12.
Ng4 (12. Nxd7 Qxd7 13. h5 $14 {Komodo13}) 12... h5 $15 13. Nh2 (13. Ne5) 13...
e5 $17 {Bl is fully developed & the Wh K still in the centre} 14. Bg3 exd4 (
14... Qe7) 15. exd4 Re8 16. O-O Nf6 $15 {Komodo13} (16... cxd4 17. cxd4 Bxd4
18. Qxd4 Rxe2 $15 {Komodo13}) 17. f3 Bc8 (17... Rc8 18. Qd2 Re6 19. Bd3 Ne8 $15
{Komodo13}) 18. Re1 Bf5 19. Bb5 (19. Nf1 $11) 19... Rxe1+ 20. Qxe1 a6 21. Bc6
Ra7 22. Ba4 Re7 $17 23. Qf2 b5 24. Bc2 Bxc2 25. Qxc2 c4 (25... cxd4 26. cxd4
Ne8 27. Rd1 Re6 28. Bf2 Nd6 29. g3 Nf5 30. Rd2 Qe8 $17 {Komodo13}) 26. Qd2 Qe8
27. Be5 (27. Kf2) 27... Kh7 28. Re1 Nd7 (28... Bh6 29. Qd1 Nd7 30. Bg3 Rxe1+
31. Bxe1 (31. Qxe1 Qxe1+ 32. Bxe1 Bc1 $19 33. b3 cxb3 34. axb3 a5 $19) 31...
Qe3+ 32. Kf1 Qd3+ 33. Qxd3 cxd3 34. Bg3 Nb6 35. b3 Bd2 36. Kf2 Bxc3 37. Ke3 d2
38. Ke2 Nc8 $17 {Komodo13}) 29. Bg3 (29. Bxg7 $1 Rxe1+ 30. Kf2 Kxg7 31. Qxe1
$11 {Komodo13}) 29... Rxe1+ 30. Bxe1 {some tricky decisions here for both
sides, which require time} (30. Qxe1 Qxe1+ 31. Bxe1 Bh6 32. Kf2 Bc1 (32... a5
33. Nf1 Bc1 34. Ke2 Bxb2 35. Ne3 Nb6 36. Kd1 Kg7 37. Kc2 Ba3 38. Bg3 Kf6 39.
Bc7 Nc8 40. Nxd5+ Ke6 41. Nf4+ Kd7 42. Bxa5 Ne7 43. g4 Bd6 44. Ng2 Nd5 $15 {
Komodo13}) 33. b4 cxb3 34. axb3 a5 35. Ke2 $15 {[%emt 0:00:28] Komodo13- the
Wh K is nearer than in the note to move}) 30... Bh6 $17 31. Qd1 Qe3+ 32. Kf1 a5
(32... Qd3+ $5 33. Qe2) 33. Bf2 Qc1 $19 (33... Qf4 $1 34. g3 (34. Kg1 Qc1 $19)
34... Qc1 $19 {Komodo13}) 34. Qxc1 Bxc1 35. b3 cxb3 36. axb3 Bd2 (36... a4 $1
$19 {& the pawn can't be stopped}) 37. Be1 (37. Ke2 Bxc3 38. Kd3 Bb4 39. Nf1
$17 {Komodo13}) 37... Bxe1 (37... Bh6) 38. Kxe1 a4 (38... g5 39. hxg5 Kg6 40.
Kd2 (40. f4 Kf5 41. g3 f6 $19) 40... Kxg5 $17 {Komodo13}) 39. bxa4 (39. Kd2 g5
40. hxg5 Kg6 41. Kc2 h4 42. Kb2 Kxg5 43. Nf1 Nb6 44. bxa4 bxa4 45. Ka3 f5 $17 {
Komodo13}) 39... bxa4 40. Kd2 Nb6 41. Kc2 Nc4 $19 42. Nf1 Kg7 (42... g5) 43. g3
Kf6 44. Nd2 Nxd2 45. Kxd2 Ke6 46. Kc2 Kd6 47. g4 f5 (47... Kc6) 48. Kb2 Kc6 0-1

[Event "West Wales Congress Major"]
[Site "Swansea"]
[Date "2019.10.13"]
[Round "5.6"]
[White "Jones, Huw"]
[Black "Di-Vetta, Andrew"]
[Result "0-1"]
[WhiteElo "1642"]
[BlackElo "1812"]
[Annotator "kemen"]
[PlyCount "98"]
[EventDate "2019.10.11"]
[EventType "swiss"]
[EventRounds "5"]
[EventCountry "WLS"]

{[%evp 0,98,44,41,67,80,149,33,34,11,65,22,42,15,42,37,44,39,39,33,24,3,37,21,
-1,-1,36,19,9,-2,29,7,-3,-3,25,18,21,-9,-7,-6,13,-11,-9,-28,7,9,15,-50,-45,-52,
-62,-67,-42,-54,-51,-58,-57,-61,-61,-64,-56,-64,-56,-56,-50,-56,-50,-55,-55,
-110,-68,-68,-81,-150,-162,-200,-81,-213,-75,-89,-59,-60,-66,-65,-70,-87,-82,
-214,-182,-177,-185,-582,-235,-252,-236,-264,-274,-277,-279,-266,-274]} 1. e4
c5 2. Nf3 g6 3. c3 (3. d4) 3... d5 (3... Bg7) 4. exd5 Qxd5 5. d4 Bg7 6. Be2 (6.
Na3) (6. Be3) 6... Nf6 7. O-O cxd4 8. cxd4 O-O 9. Nc3 Qd8 (9... Qa5 {
alternative}) 10. h3 Nbd7 11. Be3 (11. Bc4 {main}) 11... Nb6 12. Qd2 Re8 (12...
Be6 13. Ng5 Bc4 14. Rfe1 Bxe2 15. Qxe2 Nbd5 16. Bd2 e6 17. Nf3 Rc8 18. Qb5 Qb6
19. a4 a6 20. Nxd5 Nxd5 21. Qxb6 Nxb6 22. Bb4 Rfd8 $15 {Namyslo-Poetz,Vienna
op 2011,0-1}) 13. Ne5 Nfd5 14. Bh6 Nxc3 15. bxc3 Bxe5 16. dxe5 Qxd2 17. Bxd2
Be6 $11 18. Be3 Nc4 19. Bd4 Bd5 (19... b6 $15) 20. Bxc4 (20. Rad1) 20... Bxc4
21. Rfb1 (21. Rfd1) 21... b5 22. a4 a6 23. a5 (23. f4 $11) 23... Rac8 $15 {
the Bl Rs have a bit more opportunity} 24. h4 h5 25. g3 Be2 26. f4 Rc4 27. Rb2
Bg4 $17 28. Kf2 (28. Rb4 Rcc8 29. Kf2 Red8 $17 {Komodo13}) 28... Rec8 29. Ke3
Kf8 30. Ra3 Ke8 31. Ra1 Kd7 32. Ra3 Be6 33. Ra1 Bd5 34. Ra3 Ke6 35. Ra1 Kf5 36.
Ra3 (36. Rb4 $5) 36... Kg4 $19 (36... Ra4 $19) 37. Kf2 Be4 38. Re2 Bf5 (38...
b4 $19) 39. Rd2 b4 40. cxb4 Rxb4 41. Bb2 $17 Rcb8 42. Bc3 Rb1 43. Ra1 Rxa1 (
43... R1b3 $19) 44. Bxa1 Rb3 $19 45. Kg1 Rxg3+ 46. Rg2 Kxf4 (46... Kxh4 {
creates an outside passed pawn}) 47. Rxg3 Kxg3 48. Bd4 Kxh4 49. Bf2+ Kg4 0-1

[Event "West Wales Congress Major"]
[Site "Swansea"]
[Date "2019.10.13"]
[Round "5.9"]
[White "Szakmany, Bence"]
[Black "Williams, Duncan"]
[Result "1/2-1/2"]
[WhiteElo "1515"]
[BlackElo "1793"]
[Annotator "kemen"]
[PlyCount "35"]
[EventDate "2019.10.11"]
[EventType "swiss"]
[EventRounds "5"]
[EventCountry "WLS"]

{[%evp 0,35,19,9,1,13,22,3,16,-2,4,-12,18,-1,-14,13,0,-48,-4,-9,22,33,19,13,28,
28,29,25,111,85,87,89,229,49,60,49,60,60]} 1. e4 e5 2. Nf3 Nc6 3. Bb5 a6 4. Ba4
Nf6 5. O-O Be7 6. Re1 b5 7. Bb3 O-O 8. c3 d5 {the elite GMs play this for a
draw, often after some 30 moves of theory} 9. exd5 Nxd5 10. Nxe5 Nxe5 11. Rxe5
Nf6 {the original Marshall move vs Capablanca} (11... c6 {main modern lines})
12. d4 Bd6 13. Re1 Ng4 14. h3 Qh4 15. Qf3 Bh2+ (15... Nxf2 16. Re2 $1 $18 {
Cloud Engines; Capablanca-Marshall, New York 1918,1-0 & many Bl players
sinceat least 60! Those who do not know their history are bound to repeat it.}
(16. Qxf2 Bh2+ (16... Bg3 17. Qxf7+ {12-0, other players missed this}) 17. Kf1
Bg3 {21 % for Wh})) 16. Kf1 Bd6 17. Kg1 (17. Bf4 {6 Wh wins, 1 draw, 3 Bl wins}
Bb7 18. Qxg4 (18. d5 {1-2}) 18... Qxg4 19. hxg4 Bxf4 20. g3 $16 {3 Wh wins, 1
draw}) 17... Bh2+ 18. Kf1 {as played 3 times before} 1/2-1/2

[Event "West Wales Congress Major"]
[Site "Swansea"]
[Date "2019.10.13"]
[Round "5.10"]
[White "Stuart, Neil"]
[Black "Parri, Deio"]
[Result "1/2-1/2"]
[WhiteElo "1660"]
[BlackElo "1659"]
[Annotator "kemen"]
[PlyCount "57"]
[EventDate "2019.10.11"]
[EventType "swiss"]
[EventRounds "5"]
[EventCountry "WLS"]

{[%evp 0,57,19,31,43,-4,33,34,16,10,35,-1,37,47,46,27,40,35,28,46,67,45,84,79,
73,57,73,27,44,35,41,26,19,6,13,3,3,-72,-17,-95,11,-6,31,25,33,-2,52,12,13,0,0,
-4,27,18,-8,9,23,21,6,8]} 1. d4 d5 2. c4 c6 3. Nf3 Nf6 4. Nc3 e6 5. Bg5 Be7 (
5... h6) (5... Nbd7) (5... dxc4 {are more complex lines}) 6. e3 O-O 7. cxd5
cxd5 (7... exd5 {keeps more tension in the pawn structure}) 8. Bd3 Nbd7 9. O-O
Re8 (9... a6 {main}) 10. Qe2 Nf8 (10... a6 {1 game each}) 11. Rac1 $16 Ng6 12.
Nb5 Rf8 13. Qc2 a6 14. Nc3 Bd7 15. Qb3 b5 16. Bxg6 (16. Ne2 $14) 16... hxg6 17.
Ne5 $11 Bd6 18. Nd3 (18. Bf4) 18... Qe7 {missing a chance} (18... Bxh2+ 19. Kh1
(19. Kxh2 Ng4+ 20. Kg1 Qxg5 $17) 19... Bd6 $17) 19. Ne2 (19. Bf4 $11) 19...
Rfe8 (19... Bxh2+) 20. Bf4 Ne4 21. Bxd6 Qxd6 22. Qb4 Qb6 (22... Qxb4 23. Nxb4
a5 $11) 23. Rfd1 a5 24. Qe1 b4 25. f3 Nf6 26. Nc5 Bb5 27. Nf4 (27. Qd2 $11)
27... Nd7 (27... e5 28. dxe5 Rxe5 29. Qd2 Rae8 30. Re1 g5 31. Nfd3 Bxd3 32.
Qxd3 g4 $15 {Komodo13}) 28. Nxd7 Bxd7 29. Nd3 $11 1/2-1/2

[Event "West Wales Congress Major"]
[Site "Swansea"]
[Date "2019.10.13"]
[Round "5.7"]
[White "Chung, Daniel"]
[Black "Vesz, Marcell"]
[Result "1/2-1/2"]
[WhiteElo "1434"]
[BlackElo "1561"]
[Annotator "kemen"]
[PlyCount "102"]
[EventDate "2019.10.11"]
[EventType "swiss"]
[EventRounds "5"]
[EventCountry "WLS"]

1. d4 Nf6 2. c4 e6 3. Nc3 Bb4 4. Nf3 c5 5. a3 cxd4 (5... Bxc3+ {main}) 6. axb4
dxc3 7. bxc3 O-O 8. Be3 (8. Bg5 {2-2}) (8. Bf4 {1/2-1/2}) (8. c5 $16 {Komodo13}
) 8... b6 9. g3 Bb7 10. Bg2 Qc7 11. Qb3 d5 12. c5 bxc5 13. Bxc5 (13. bxc5 Nbd7
14. O-O Rfb8 $11 (14... Ne4 $11 {Komodo13})) 13... Rc8 14. O-O (14. Rxa7 Rxa7
15. Bxa7 Nbd7 16. O-O Ne4 17. Re1 Qxc3 $11 {Komodo13}) 14... a5 15. Bd4 (15.
Rxa5 Rxa5 16. bxa5 Ba6 17. Bb6 Qxc3 18. Qxc3 Rxc3 19. Nd4 Nbd7 20. Ra1 Kf8 $11
{Komodo13}) 15... Nbd7 16. bxa5 (16. Rxa5 Rxa5 17. bxa5 Ne4 $11 {Komodo13})
16... Ba6 17. Rfe1 (17. Bb6 Qxc3 18. Qxc3 Rxc3 19. Nd4 Kf8 $11 {Komodo13})
17... e5 18. Be3 Qxc3 (18... Bc4 19. Qb4 Rab8 20. Qa4 Bb5 21. Qa3 Ba6 22. Bh3
h6 $14 {Komodo13}) 19. Qxc3 Rxc3 20. Nxe5 $18 Nc5 21. Bxc5 (21. Nc6 Bb7 22. Nd4
$18 {Komodo13}) (21. Bd4 Rc2 22. Reb1 Ne6 23. Be3 Bxe2 24. Rb6 $18 {Komodo13})
(21. Rab1 $18 {Komodo13}) 21... Rxc5 22. f4 (22. Reb1 h5 23. Bf1 Bb5 24. a6
Bxa6 25. e3 Re8 26. Rxa6 Rxe5 27. Ra8+ Kh7 28. Bd3+ Ne4 29. f3 Rc3 30. Rd1 g6
31. fxe4 dxe4 32. Bf1 $16 {Komodo13}) 22... Bc8 (22... Bb5) 23. Rec1 (23. Reb1)
23... Rb5 (23... Raxa5 24. Rxa5 Rxc1+ 25. Kf2 Bb7 26. Ke3 Rc7 27. Kd4 h5 $14 {
Komodo13}) 24. Rc7 $18 (24. a6 $18) (24. e3 $18) (24. Rc6 $18) 24... Rb7 25.
Rxb7 (25. Rc5 {also}) 25... Bxb7 26. h3 (26. Rb1 Bc8 27. Kf2 h6 28. Rb5 Be6 29.
Ke3 $18 {Komodo13}) 26... Ne4 27. Bxe4 dxe4 28. Kf2 $18 {Wh has an extra a
pawn, a better placed R , a superior N vs B, & a more active K. What can go
wrong?} f5 29. Nd7 (29. Ke3) (29. g4 g6 30. gxf5 gxf5 31. Ke3 {loosens Bl's K
side}) 29... Kf7 30. Nc5 (30. Nb6 Ra7 31. Rc1 Ba6 32. Rc5 $18 {Komodo13}) 30...
Bc6 (30... Bc8) 31. a6 (31. g4 g6 32. gxf5 gxf5 33. a6 {makes a f pawn a
possible target}) 31... Ra7 32. Nb3 (32. Rb1 $1 $18) 32... Bb5 33. Nd4 Bd7 (
33... Rxa6 34. Rxa6 Bxa6 35. Nxf5 $19 {Komodo13}) 34. Ra5 {which is why the
Engines exchanged pawns via g4 earlier.} g6 35. Ke3 Bc8 36. Nc6 $2 {gives up
all of Wh's advantage.} (36. g4 $1 {Komodo13-still the best} fxg4 37. hxg4 Rxa6
(37... Bxg4 38. Nc6 Ra8 39. Ne5+ Ke6 40. Nxg4 $18) 38. Rxa6 Bxa6 39. Kxe4 $18 {
Komodo13}) 36... Rxa6 37. Ne5+ Ke6 38. Rxa6+ Bxa6 $11 39. Kd2 g5 40. e3 Bf1 41.
h4 gxh4 42. gxh4 Kf6 {the B is still bad- restricted by its own pawns; but not
easy for Wh to obtain a win, even though the N is far superior to the B, since
it can force the Bl K away from key squares.} 43. Ke1 {worried about a Bl K
attack on h pawn, but, there usually are better prospects for the Wh K via the
centre.} (43. Kc3 {exploring} Ke7 44. Kd4 (44. Nc6+ Kd6 45. Nd4 Bh3 46. Kb4 Bg4
{and the B can do what a N can't- lose a tempo while still remaing in place.})
44... Kd6 {the problem now is that the N has only one square available to it.}
45. Nf7+ (45. h5 h6 46. Nf7+ Ke6 47. Nxh6 Be2 48. Nxf5 Kxf5 49. h6 Kg6 50. Kxe4
Kxh6 $11) 45... Ke7 46. Ng5 h6 47. Nh7 Ke6 48. Nf8+ Ke7 {and the N has nowhere
to go to evade the K 's attention}) 43... Ba6 44. Kf2 Kg7 45. Kg3 Kh6 {and the
is no entry for the Wh K here either} 46. Nf7+ Kh5 47. Nd6 Kg6 48. h5+ $6 {
but this risks losing as the h pawn could be too exposed- Wh is best just
accepting its a draw. Just because you were wuinning earlier doesn't mean that
the win must still be there.} (48. Ne8 Kf7 49. Nd6+ Kg6 50. Ne8) 48... Kf6 $17
(48... Kxh5 49. Nxf5 {is probably still a draw}) 49. Kh4 (49. h6 {
paradoxically safest- keeping it away from the B. The B has to come to defend
f5 to release the K from the N grip on the f pawn} Be2 50. Kh4 Bd1 (50... Bg4
51. Nxe4+ $11) 51. Nc4 Kg6 52. Nd6 Bb3 53. Ne8 Kxh6 54. Nd6 Be6 55. Kg3 {
however, Bl now finds himself unable to squeeze past the Wh K with either K or
h pawn.}) 49... Be2 (49... h6 $1 {Komodo13-gives Bl a win, as now the K will
be tied down & the N chased away} 50. Kh3 Ke6 $1 (50... Be2 51. Nc8 {is
apparently more difficult, though still winning.}) 51. Ne8 Ke7 52. Nc7 Bc4 53.
Kg3 Kd7 54. Na8 Kc6 55. Kf2 Kb7 56. Ke1 Kxa8 57. Kd2 Bf7 58. Kc3 Bxh5 $19) 50.
Ne8+ Kf7 51. Nd6+ Kf6 $11 1/2-1/2